Top Microchip Exporting Countries - Statistics

General Stats
  • This quiz has been taken 47 times
  • The average score is 13 of 16
Answer Stats
US$ Millions Answer % Correct
271.0 China
100%
122.9 Taiwan
98%
44.2 United States
98%
12.7 Germany
95%
82.9 South Korea
95%
6.5 France
90%
28.9 Japan
90%
14.0 Vietnam
83%
86.3 Singapore
79%
11.6 Netherlands
76%
7.1 Thailand
76%
2.7 Mexico
74%
49.3 Malaysia
69%
20.2 Philippines
69%
2.8 Israel
43%
8.2 Ireland
40%
No matching quizzes found
Score Distribution
Percent of People with Each Score
Percentile by Number Answered
Your Score History
You have not taken this quiz